Forest management (Record no. 8900)
[ view plain ]
| 000 -LEADER | |
|---|---|
| fixed length control field | 00176nam a22000977a 4500 |
| 040 ## - CATALOGING SOURCE | |
| Transcribing agency | SY |
| 082 ## - DEWEY DECIMAL CLASSIFICATION NUMBER | |
| Classification number | 634p. |
| 100 ## - MAIN ENTRY--AUTHOR NAME | |
| Personal name | VON MONIN |
| 245 ## - TITLE STATEMENT | |
| Title | Forest management |
| 942 ## - ADDED ENTRY ELEMENTS (KOHA) | |
| Koha item type | ADB |
No items available.